| 000 | 01263cab a2200193 4500 | ||
|---|---|---|---|
| 001 | L130634 | ||
| 008 | 050819n2005 000 0 eng u | ||
| 035 | _a(Sirsi) u130634 | ||
| 041 | _aeng | ||
| 100 | _aPannell, Bob | ||
| 245 | _aHousing and mortgage market forecasts:2005-2007 | ||
| 260 | _c2005 | ||
| 490 |
_aCML Market Commentary _vAugust 2005, 1-7(7) |
||
| 520 | _aOffers forecasts for the housing and mortgage market for the period 2005-07. Provides an economic overview and a detailed examination of housing and mortgage market prospects. Concludes that house price growth over the next two years is likely to be negligible, housing demand is unlikely to recover quickly given that affordability problems will only ease slowly and forecasts a reduction in mortgage lending although it will remain at relatively high levels. Table covers a forecast summary. Charts present house price growth annual percentage change, Inland Revenue transaction levels, gross and net lending and possessions | ||
| 590 | _aIKA300805 | ||
| 690 | _aPROPERTY-RESIDENTIAL PROPERTY-RESIDENTIAL PROPERTY MARKET | ||
| 856 |
_uhttps://www.cml.org.uk/servlet/dycon/zt-cml/cml/live/en/cml/pub_research_hfonline _zView the item free of charge at www.cml.org.uk... |
||
| 942 | _n0 | ||
| 999 |
_c75747 _d75747 |
||